000
00274nam a2200121Ia 4500
100
_a
#N/A
650
_a
Computer/ IT
942
_c
BK
654
_a
HTML
245
_a
HTML - Interactive Multimedia Training - Train Yourself - on screen
260
_b
#N/A
546
_a
ENGLISH
999
_c
24801
_d
24801